<?xml version="1.0" encoding="UTF-8"?>
<collection xmlns="http://www.loc.gov/MARC21/slim">
 <record>
  <leader>00753pamaa2200193   4500</leader>
  <controlfield tag="001">0000019550</controlfield>
  <controlfield tag="005">20140116090000.0</controlfield>
  <controlfield tag="008">140116s2012</controlfield>
  <datafield tag="020" ind1="0" ind2="0">
   <subfield code="a">9789671113806 (pbk.) </subfield>
  </datafield>
  <datafield tag="090" ind1="0" ind2="0">
   <subfield code="a">PN1998.3.Y37 </subfield>
   <subfield code="b">YAS 2012</subfield>
  </datafield>
  <datafield tag="245" ind1="1" ind2="0">
   <subfield code="a">Yasmin how you know?.</subfield>
  </datafield>
  <datafield tag="250" ind1="0" ind2="0">
   <subfield code="a">1st ed.</subfield>
  </datafield>
  <datafield tag="260" ind1="0" ind2="0">
   <subfield code="a">Kuala Lumpur, Malaysia: </subfield>
   <subfield code="b">Leo Burnett-Arc Malaysia, </subfield>
   <subfield code="c">2012.</subfield>
  </datafield>
  <datafield tag="300" ind1=" " ind2=" ">
   <subfield code="a">192 p.: </subfield>
   <subfield code="b">ill. (some col.); </subfield>
   <subfield code="c">20 cm.</subfield>
  </datafield>
  <datafield tag="500" ind1="0" ind2="0">
   <subfield code="a">Title from sleeve</subfield>
  </datafield>
  <datafield tag="504" ind1="0" ind2="0">
   <subfield code="a">A compilation of stories and words of Yasmin Ahmad, contributed by her friends and family; also includes the last two TV commercial scripts written by Yasmin</subfield>
  </datafield>
  <datafield tag="600" ind1="1" ind2="0">
   <subfield code="a">Yasmin Ahmad</subfield>
  </datafield>
  <datafield tag="650" ind1="0" ind2="0">
   <subfield code="a">Yasmin Ahmad -- </subfield>
   <subfield code="x">Anecdotes -- </subfield>
   <subfield code="y">1958-2009 </subfield>
  </datafield>
  <datafield tag="650" ind1="0" ind2="0">
   <subfield code="a">Motion picture producers and directors -- </subfield>
   <subfield code="x">Anecdotes -- </subfield>
   <subfield code="z">Malaysia </subfield>
  </datafield>
 </record>
</collection>
